<?xml version="1.0" encoding="UTF-8"?>
<collection xmlns:xsi="http://www.w3.org/2001/XMLSchema-instance" xsi:schemaLocation="http://www.loc.gov/MARC21/slim http://www.loc.gov/standards/marcxml/schema/MARC21slim.xsd" xmlns="http://www.loc.gov/MARC21/slim">
 <record>
  <leader>00000nam a2200000 i 4500</leader>
  <controlfield tag="001">UP-1685936960461342416</controlfield>
  <controlfield tag="003">Buklod</controlfield>
  <controlfield tag="005">20241116085727.0</controlfield>
  <controlfield tag="006">m    |o  d |      </controlfield>
  <controlfield tag="007">ta</controlfield>
  <controlfield tag="008">241007s2020    nyu        u        eng  </controlfield>
  <datafield tag="020" ind1=" " ind2=" ">
   <subfield code="a">780190072094 (eBook)</subfield>
  </datafield>
  <datafield tag="035" ind1=" " ind2=" ">
   <subfield code="a">21122941</subfield>
  </datafield>
  <datafield tag="040" ind1=" " ind2=" ">
   <subfield code="a">DLC</subfield>
   <subfield code="d">DLAW</subfield>
   <subfield code="e">rda</subfield>
  </datafield>
  <datafield tag="041" ind1="0" ind2=" ">
   <subfield code="a">eng</subfield>
  </datafield>
  <datafield tag="082" ind1="0" ind2=" ">
   <subfield code="a">346.04/82</subfield>
   <subfield code="2">23</subfield>
  </datafield>
  <datafield tag="084" ind1=" " ind2=" ">
   <subfield code="a">K 1420.5</subfield>
   <subfield code="b">G73 2020eb</subfield>
  </datafield>
  <datafield tag="100" ind1="1" ind2=" ">
   <subfield code="a">Gray, Joanne Elizabeth</subfield>
   <subfield code="e">author.</subfield>
  </datafield>
  <datafield tag="245" ind1="1" ind2="0">
   <subfield code="a">Google rules</subfield>
   <subfield code="b">the history and future of copyright under the influence of Google</subfield>
   <subfield code="c">Joanne Elizabeth Gray.</subfield>
   <subfield code="h">electronic resource.</subfield>
  </datafield>
  <datafield tag="264" ind1=" " ind2="1">
   <subfield code="a">New York</subfield>
   <subfield code="b">Oxford University Press</subfield>
   <subfield code="c">[2020]</subfield>
  </datafield>
  <datafield tag="300" ind1=" " ind2=" ">
   <subfield code="a">1 online resource (xvi, 228 pages)</subfield>
   <subfield code="c">25 cm</subfield>
  </datafield>
  <datafield tag="336" ind1=" " ind2=" ">
   <subfield code="a">text</subfield>
   <subfield code="b">txt</subfield>
   <subfield code="2">rdacontent</subfield>
  </datafield>
  <datafield tag="337" ind1=" " ind2=" ">
   <subfield code="a">computer</subfield>
   <subfield code="2">rdamedia</subfield>
  </datafield>
  <datafield tag="338" ind1=" " ind2=" ">
   <subfield code="a">online resource</subfield>
   <subfield code="2">rdacarrier</subfield>
  </datafield>
  <datafield tag="500" ind1=" " ind2=" ">
   <subfield code="a">Based on author's thesis (doctoral - Australian Catholic University, 2018) issued under title: Google rules : an analysis of Google's influence on copyright law and practice.</subfield>
  </datafield>
  <datafield tag="504" ind1=" " ind2=" ">
   <subfield code="a">Includes bibliographical references and index.</subfield>
  </datafield>
  <datafield tag="505" ind1="0" ind2=" ">
   <subfield code="a">A Brief History of Digital Copyright and Google : Politics, Ideologies and Agendas -- The Value and Function of Copyright : Why the Copyright Debate Matters to us All -- 'Innovate First, Permission Later' : Google's Copyright Policy Agenda -- Google vs. The Copyright Tradition : Litigating 'Innovate First, Permission Later' -- The Problems of Google News in Europe -- Google's Private Copyright Rule-Making and Algorithmic Enforcement -- From Access to Monopoly: The Results and Complexities of Google's Copyright Logic -- Conclusion : Achieving Public Interest Outcomes in a Digital Environment Dominated by Monopolistic Technology Firms.</subfield>
  </datafield>
  <datafield tag="520" ind1=" " ind2=" ">
   <subfield code="a">Google Rules traces the rise of Google through its legal, commercial and political negotiations over copyright. The first part of the book shows how the public interest suffers in a digital copyright policy debate dominated by powerful industry stakeholders. The second part explores Google's contributions to digital copyright and the copyright policies that Google enforces across its own platforms. Increasingly, Google self-regulates and negotiates with media and entertainment companies to privately devise copyright rules. Google then deploys algorithmic regulatory technologies to enforce those rules. Google's private copyright rule-making and algorithmic enforcement limits transparency and accountability in digital copyright governance and privileges private interest and values over the public interest. Today, Google reigns over a technological and economic order that features empowered private actors and rapidly changing technological conditions. How to effectively regulate Google-in an evolving technological environment and in order to achieve public interest outcomes-is one of the most pressing policy questions of our time. Google Rules provides several strategies for taking up this challenge. While the parameters may be narrowly set upon one firm and one area of intellectual property law, ultimately, the book is a contribution to a much broader conversation about a new generation of monopolistic companies, born from the technological developments of the digital age, and the social, political and economic influence they have acquired in contemporary society&quot;--</subfield>
   <subfield code="c">Provided by publisher.</subfield>
  </datafield>
  <datafield tag="630" ind1="0" ind2="0">
   <subfield code="a">Google.</subfield>
  </datafield>
  <datafield tag="630" ind1="0" ind2="0">
   <subfield code="a">Google (Firm)</subfield>
   <subfield code="x">Influence.</subfield>
  </datafield>
  <datafield tag="650" ind1=" " ind2="0">
   <subfield code="a">Copyright and electronic data processing.</subfield>
   <subfield code="a">Electronic books.</subfield>
  </datafield>
  <datafield tag="650" ind1=" " ind2="0">
   <subfield code="a">Copyright.</subfield>
  </datafield>
  <datafield tag="650" ind1=" " ind2="0">
   <subfield code="a">Authors and publishers</subfield>
   <subfield code="x">Effect of technological innovations on.</subfield>
  </datafield>
  <datafield tag="776" ind1="0" ind2="8">
   <subfield code="a">Gray, Joanne Elizabeth</subfield>
   <subfield code="d">New York : Oxford University Press, 2020.</subfield>
   <subfield code="i">Online version</subfield>
   <subfield code="t">Google rules</subfield>
   <subfield code="w">(DLC) 2019034240</subfield>
   <subfield code="z">9780190072094.</subfield>
  </datafield>
  <datafield tag="856" ind1="0" ind2="0">
   <subfield code="y">click here to access</subfield>
   <subfield code="u">https://doi.org/10.1093/oso/9780190072070.001.0001</subfield>
   <subfield code="z">available to all UP Students</subfield>
   <subfield code="3">University of the Philippines, College of Law</subfield>
  </datafield>
  <datafield tag="905" ind1=" " ind2=" ">
   <subfield code="a">FO</subfield>
  </datafield>
  <datafield tag="852" ind1="0" ind2=" ">
   <subfield code="a">UPD</subfield>
   <subfield code="b">DLAW</subfield>
   <subfield code="h">K 1420.5</subfield>
   <subfield code="i">G73 2020</subfield>
  </datafield>
  <datafield tag="942" ind1=" " ind2=" ">
   <subfield code="a">Electronic Resource</subfield>
  </datafield>
 </record>
</collection>
